বাংলাদেশ জেলা গেজেটীয়ার: বৃহত্তর যশোর (Record no. 27664)

MARC details
000 -LEADER
fixed length control field 01156nam a22002057a 4500
003 - CONTROL NUMBER IDENTIFIER
control field BDDh-ASL
005 - DATE AND TIME OF LATEST TRANSACTION
control field 20231015030804.0
008 - FIXED-LENGTH DATA ELEMENTS--GENERAL INFORMATION
fixed length control field 211101s1998 b ||||| |||| 00| 0 b d
040 ## - CATALOGING SOURCE
Transcribing agency BDDh-ASL
082 ## - DEWEY DECIMAL CLASSIFICATION NUMBER
Classification number 910.35492
Item number BAN
245 00 - TITLE STATEMENT
Title বাংলাদেশ জেলা গেজেটীয়ার: বৃহত্তর যশোর
Remainder of title (প্রাকৃতিক ও আর্থ-সামাজিক ইতিহাস) /
246 ## - VARYING FORM OF TITLE
Title proper/short title Bangladesh District Gazetteer: Brihattor Jessore
260 ## - PUBLICATION, DISTRIBUTION, ETC.
Place of publication, distribution, etc. ঢাকা:
Name of publisher, distributor, etc. সংস্থাপন মন্ত্রণালয়, গণপ্রজাতন্ত্রী বাংলাদেশ সরকার,
Date of publication, distribution, etc. ১৯৯৮।
300 ## - PHYSICAL DESCRIPTION
Extent ৭৫০ পৃষ্ঠা, :
Other physical details ছবি ও ম্যাপ;
Dimensions ২৪ সে. মি.
504 ## - BIBLIOGRAPHY, ETC. NOTE
Bibliography, etc. note গ্রন্থপঞ্জি ও নিঘন্ট সংযুক্ত ।
650 #0 - SUBJECT ADDED ENTRY--TOPICAL TERM
9 (RLIN) 5558
Topical term or geographic name entry element District Gazetteer (জেলা গেজেটীয়ার)
General subdivision বৃহত্তর যশোর
651 #0 - SUBJECT ADDED ENTRY--GEOGRAPHIC NAME
9 (RLIN) 4581
Geographic name Jashore (যশোর)
700 1# - ADDED ENTRY--PERSONAL NAME
9 (RLIN) 5841
Personal name তালুকদার, মাহবুব
942 ## - ADDED ENTRY ELEMENTS (KOHA)
Source of classification or shelving scheme Dewey Decimal Classification
Koha item type Books
Holdings
Withdrawn status Lost status Source of classification or shelving scheme Damaged status Not for loan Collection code Home library Current library Shelving location Date acquired Source of acquisition Total Checkouts Full call number Barcode Date last seen Copy number Price effective from Koha item type Public note
    Dewey Decimal Classification   Not For Loan Non-fiction Asiatic Society Library Asiatic Society Library Reference 11/07/2021 ASB Library Collection   910.35492 BAN 113821 11/07/2021 C-1 11/07/2021 Books RARE

Powered by Koha